| 000 | 01828nam a2200517 i 4500 | ||
|---|---|---|---|
| 001 | 41864 | ||
| 003 | KOSZ 005 | ||
| 005 | 20200824143549.0 | ||
| 008 | 020215s2001 pl a |001 0 pol | ||
| 015 | _aUWD 2002/6915 | ||
| 020 | _a8372791864 | ||
| 035 | _a991017672759705066 | ||
| 035 | _a(PL-WaBN)b1478130x-48omnis_nlop | ||
| 035 | _ab1478130x | ||
| 035 | _a(OCoLC)749377209 | ||
| 035 | _a(PL)b0000001478130 | ||
| 035 | _a(EXLNZ-48OMNIS_NETWORK)9910113781605606 | ||
| 040 |
_aWA N _cWA N _dKOSZ 005/HR |
||
| 041 | 1 |
_apol _hcze |
|
| 046 | _k2001 | ||
| 080 | _a004.056 | ||
| 080 | _a(07) | ||
| 100 | 1 |
_aČerveň, Pavol _eAutor |
|
| 245 | 1 | 0 |
_aCracking : _bjak przed nim się bronić / _cPavol Červeň ; tł. z jęz. czes. Marian Aleksandrowicz. |
| 246 | 1 |
_iTyt. oryg.: _aCraking a jak se proti němu bránit, _f2001 |
|
| 260 |
_aWarszawa : _b"Mikom", _c2001. |
||
| 300 |
_a263 s. : _bil. ; _c24 cm + _eCD-ROM. |
||
| 336 |
_aTekst _btxt _2rdacontent |
||
| 337 |
_aBez urządzenia pośredniczącego _bn _2rdamedia |
||
| 338 |
_aWolumin _bnc _2rdacarrier |
||
| 380 | _aKsiążki | ||
| 380 | _aPublikacje fachowe | ||
| 388 | _a2001- | ||
| 500 | _aNa okł. podtyt.: najczęstsze błędy zabezpieczeń, jak skutecznie zabezpieczyć programy, wpływ zabezpieczeń na działanie programów. | ||
| 504 | _aIndeks. | ||
| 650 | 7 |
_aProgramy komputerowe _2DBN |
|
| 650 | 7 | _aOchrona | |
| 650 | 7 |
_aCyberprzestępczość _2DBN |
|
| 655 | 7 |
_aPodręcznik _2DBN |
|
| 658 | _aInformatyka i technologie informacyjne | ||
| 700 | 1 |
_aAleksandrowicz, Marian _eTłumaczenie |
|
| 710 | 2 |
_aWydawnictwo Mikom _4pbl |
|
| 856 |
_uhttp://koha.tu.koszalin.pl/cgi-bin/koha/opac-detail.pl?biblionumber=41864 _yKatalog online BPK |
||
| 942 |
_2UKD _cKS |
||
| 999 |
_c41864 _d41864 |
||